Digitális döntések és mesterséges intelligencia az esküvőszervezésben - egy fenntartható jövő felé
| Szerző: | |
|---|---|
| További közreműködők: | |
| Dokumentumtípus: | Diplomadolgozat |
| Kulcsszavak: | esküvő fenntarthatóság mesterséges intelligencia online információkeresés rendezvényszervezés |
| Online Access: | http://dolgozattar.uni-bge.hu/60257 |
MARC
| LEADER | 00000nta a2200000 i 4500 | ||
|---|---|---|---|
| 001 | dolg60257 | ||
| 005 | 20260409150214.0 | ||
| 008 | 260409suuuu hu om 000 hun d | ||
| 040 | |a BGE Dolgozattár Repozitórium |b hun | ||
| 041 | |a hu | ||
| 100 | 1 | |a Dancsó Lilla | |
| 245 | 1 | 0 | |a Digitális döntések és mesterséges intelligencia az esküvőszervezésben - egy fenntartható jövő felé |c Dancsó Lilla |h [elektronikus dokumentum] |
| 520 | 3 | |a A szakdolgozat célja az online információkhoz való hozzáférés és a mesterséges intelligencia esküvőszervezésre gyakorolt hatásának feltárása, különös tekintettel a technológiai változások nyomán kialakuló új döntéshozatali mintázatokra. A kutatás során alkalmazott primer módszerek egy online kérdőív, valamint két mélyinterjú egy esküvőszervezővel és egy esküvői fotóssal. Az eredmények rávilágítottak arra, hogy a digitális tér nemcsak megkönnyíti az információszerzést és a szolgáltatók elérését, hanem új kihívásokat is generál, például az információs túlterhelés és a döntési bizonytalanság formájában. A mesterséges intelligencián alapuló eszközök, mint például a tartalomgeneráló alkalmazások vagy ajánlórendszerek egyre inkább jelen vannak az esküvőszervezésben, azonban jelenlegi funkciójuk inkább kiegészítő jellegű, mintsem a személyes szakértelmet kiváltó tényező. A dolgozat ezen túlmenően kitekintést ad a fenntarthatósági szempontokhoz való viszonyulásra is, megvizsgálva, milyen mértékben jelennek meg a környezettudatos megoldások az esküvőtervezési attitűdökben és a szolgáltatói kínálatban. | |
| 695 | |a esküvő | ||
| 695 | |a fenntarthatóság | ||
| 695 | |a mesterséges intelligencia | ||
| 695 | |a online információkeresés | ||
| 695 | |a rendezvényszervezés | ||
| 700 | 1 | |a Róbert Nóra |e ths | |
| 700 | 1 | |a Trencsényi Judit |e ths | |
| 856 | 4 | 0 | |u http://dolgozattar.uni-bge.hu/60257/1/Dancs%C3%B3_Lilla_szakdolgozat.pdf |z Dokumentum-elérés |
| 856 | 4 | 0 | |u http://dolgozattar.uni-bge.hu/60257/2/Dancs%C3%B3%20Lilla_konzulens_R%C3%B3bert%20N%C3%B3ra.pdf |z Dokumentum-elérés |
| 856 | 4 | 0 | |u http://dolgozattar.uni-bge.hu/60257/3/Dancs%C3%B3%20Lilla_Opponens_Trencs%C3%A9nyi_Judit.pdf |z Dokumentum-elérés |